[Event "AUT-ch 2018"]
[Site "Vienna"]
[Date "2018.07.29"]
[Round "9"]
[White "Balinov, Ilia"]
[Black "Sadilek, Peter"]
[Result "0-1"]
[WhiteElo "2478"]
[BlackElo "2268"]
[Annotator "TA"]
[PlyCount "62"]
[EventDate "2018.07.22"]
[EventType "swiss"]
[EventCountry "AUT"]
[SourceTitle "playchess.com"]
[Source "ChessBase"]
[SourceQuality "1"]

{[%evp 31,62,29,28,-29,0,0,0,0,0,-93,-101,-114,-91,-320,-321,-318,14,-104,-118,-162,-145,-151,-153,-188,131,138,157,144,155,120,112,-1047,-1030]} 1. c4 Nf6 2. Nc3 c5 3. Nf3 g6 4. d4 cxd4 5. Nxd4 Bg7 6. e4 Nc6 7. Be3 d6 8. Be2 O-O 9. O-O Bd7 10. Qd2 Nxd4 11. Bxd4 Bc6 12. f3 a5 13. Rfc1 {B38: Sicilian: Maroczy Bind with 5...Bg7 and 7...0-0} (13. b3 Nd7 14. Be3 Nc5 15. Rab1 Qb6 16. Rfc1 Rfc8 17. Bf1 Qb4 18. Qb2 Qb6 19. Kh1 Qd8 20. Qd2 e6 21. Bg5 Qf8 22. Rd1 h6 23. Be3 Rd8 24. a3 Nd7 25. b4 axb4 26. axb4 {0-1 (41) Wang,H (2690)-Bu,X (2713) China 2017}) 13... Nd7 14. Be3 Nc5 15. Rab1 e6 16. b3 Be5 {LiveBook: 33 Games} 17. a3 (17. g3 $142) 17... Qh4 18. g3 Bxg3 19. hxg3 Qxg3+ 20. Kf1 $146 (20. Kh1 $1 $11) ({Predecessor:} 20. Kh1 f5 21. Bxc5 dxc5 22. Qh6 fxe4 23. Rg1 Qe5 24. Rxg6+ hxg6 {0-1 (36) Dotta,G (1916)-Quinonez Garcia,S (2323) Montevideo 2017}) 20... f5 $1 $17 {[%cal Rf5e4]} 21. Bxc5 dxc5 22. Qe3 $2 (22. e5 $17 {keeps fighting.}) 22... fxe4 $19 23. Nxe4 Qe5 $2 (23... Bxe4 $19 24. Qxe4 Rf5 25. Qxe6+ Kf8) 24. Kg1 (24. Bd3 $11) 24... Rf4 $1 $17 {[%cal Rc6e4][%mdl 1024] Black has strong compensation.} 25. Bd3 Raf8 $1 $36 {[%mdl 2048] White is under strong pressure.} ({Worse is} 25... Bxe4 26. Bxe4 Raf8 27. Re1 $18) 26. Rf1 {[#]} Qh5 $1 {[%cal Rh5h3] ...Qh3 is the strong threat.} 27. Kg2 {[#] With the idea Rf2.} Qe5 $2 (27... g5 $1 $19 {Hoping for ...g4.} 28. Rbe1 g4) 28. Rf2 $16 ({Much weaker is} 28. Qe1 $6 R8f5 $11) 28... Rh4 29. Rh1 Rff4 {[%cal Rc6e4]} 30. Bc2 Bxe4 31. Bxe4 $4 {[%mdl 8192]} (31. Rxh4 $16 Rxh4 32. Bxe4 (32. fxe4 Qh5 $11)) 31... Qg5+ {Precision: White = 17%, Black = 44%.} 0-1

[Event "AUT-ch 2018"]
[Site "Vienna"]
[Date "2018.07.29"]
[Round "9"]
[White "Halvax, Georg"]
[Black "Stanec, Nikolaus"]
[Result "0-1"]
[WhiteElo "2433"]
[BlackElo "2465"]
[Annotator "ChessBase"]
[PlyCount "80"]
[EventDate "2018.07.22"]
[EventType "swiss"]
[EventCountry "AUT"]
[SourceTitle "playchess.com"]
[Source "ChessBase"]
[SourceQuality "1"]
[TimeControl "40/5400+30:1800+30"]

1. e4 {[%emt 0:00:00]} c6 {[%emt 0:00:05]} 2. d4 {[%emt 0:00:00]} g6 {[%emt 0:00:05]} 3. Nc3 {[%emt 0:00:00]} d5 {[%emt 0:00:06]} 4. e5 {[%emt 0:00:14]} Bg7 {[%emt 0:00:25]} 5. f4 {[%emt 0:00:08]} Nh6 {[%emt 0:00:59]} 6. Nf3 {[%emt 0:00:27]} f6 {[%emt 0:01:02]} 7. Be3 {[%emt 0:02:46]} Bg4 {[%emt 0:00:20]} 8. Be2 {[%emt 0:09:55]} O-O {[%emt 0:01:28]} 9. O-O {[%emt 0:02:04]} Nd7 {[%emt 0:04:38]} 10. h3 {[%emt 0:05:00]} Nf5 {[%emt 0:02:04]} 11. Bf2 {[%emt 0:00:15]} Bxf3 {[%emt 0:00:06]} 12. Bxf3 {[%emt 0:00:33]} fxe5 {[%emt 0:00:21]} 13. fxe5 {[%emt 0:04:13]} e6 {[%emt 0:02:47]} 14. Ne2 {[%emt 0:04:44]} c5 {[%emt 0:08:33]} 15. c3 {[%emt 0:04:32]} Rc8 {[%emt 0:12:54]} 16. Bg4 {[%emt 0:20:22]} cxd4 {[%emt 0:03:28]} 17. cxd4 {[%emt 0:01:12]} Bh6 {[%emt 0:01:23]} 18. Qd3 {[%emt 0:03:34]} Qb6 {[%emt 0:01:13]} 19. Rab1 {[%emt 0:04:29]} Nb8 {[%emt 0:06:03]} 20. Nc3 {[%emt 0:03:27]} Nc6 {[%emt 0:06:37]} 21. Na4 {[%emt 0:01:42]} Qc7 {[%emt 0:00:40]} 22. Nc5 {[%emt 0:02:16]} Qe7 {[%emt 0:00:30]} 23. a3 {[%emt 0:06:47]} b6 {[%emt 0:11:29]} 24. Nb3 {[%emt 0:00:40]} Qd7 {[%emt 0:02:25]} 25. Bxf5 {[%emt 0:03:20]} gxf5 {[%emt 0:02:35]} 26. Be3 {[%emt 0:00:19]} Qg7 {[%emt 0:01:49]} 27. Rbc1 {[%emt 0:07:13]} Ne7 {[%emt 0:01:28]} 28. Qd2 {[%emt 0:01:15]} Rxc1 {[%emt 0:04:36]} 29. Nxc1 {[%emt 0:00:29]} f4 {[%emt 0:01:20]} 30. Bxf4 {[%emt 0:01:37]} Rxf4 {[%emt 0:00:10]} 31. Rxf4 {[%emt 0:00:05]} Ng6 {[%emt 0:00:15]} 32. Nd3 {[%emt 0:03:43]} Nxf4 {[%emt 0:00:15]} 33. Nxf4 {[%emt 0:00:05]} Qg5 {[%emt 0:00:09]} 34. Qc2 {[%emt 0:00:49]} Qxf4 {[%emt 0:00:14]} 35. Qc8+ {[%emt 0:00:03]} Kg7 {[%emt 0:00:26]} 36. Qxe6 {[%emt 0:00:41]} Qxd4+ {[%emt 0:00:39]} 37. Kf1 {[%emt 0:01:33]} Qd3+ {[%emt 0:00:59]} 38. Kf2 {[%emt 0:01:05]} Be3+ {[%emt 0:00:43]} 39. Kf3 {[%emt 0:01:03]} Bd4+ {[%emt 0:00:55]} 40. Kf4 {[%emt 0:00:30]} Qe4+ {[%emt 0:30:15]} 0-1

[Event "AUT-ch 2018"]
[Site "Vienna"]
[Date "2018.07.29"]
[Round "9"]
[White "Menezes, Christoph"]
[Black "Schnegg, Anna-Lena"]
[Result "1-0"]
[WhiteElo "2430"]
[BlackElo "2175"]
[Annotator "TA"]
[PlyCount "49"]
[EventDate "2018.07.22"]
[EventType "swiss"]
[EventCountry "AUT"]
[SourceTitle "playchess.com"]
[Source "ChessBase"]
[SourceQuality "1"]

{[%evp 20,49,21,18,45,50,57,41,61,41,91,86,93,83,69,67,97,93,104,97,148,128,175,173,212,209,226,229,237,218,693,681]} 1. Nf3 {Bulletin/Primel,D} c5 2. c4 Nf6 3. Nc3 Nc6 4. e3 {[%cal Be2e3,Be3d4][%mdl 32]} g6 5. d4 cxd4 6. exd4 d5 7. cxd5 Nxd5 8. Qb3 Nxc3 9. Bc4 e6 10. bxc3 Bg7 11. Ba3 {[#] LiveBook: 71 Games. And now d5 would win. A35: Symmetrical English: 2 Nc3 Nc6 3 Nf3} Ne7 (11... Na5 12. Bb5+ Bd7 13. Qa4 Nc6 14. Qb3 Na5 15. Qb4 b6 16. Ne5 Bxe5 17. dxe5 Bxb5 18. Qxb5+ Qd7 19. Qxd7+ Kxd7 {½-½ (31) Bluebaum,M (2643)-Lupulescu,C (2620) Germany 2018}) 12. O-O O-O 13. Ne5 {White is slightly better.} a6 14. Be2 Qc7 15. Bf3 Re8 {[#]} 16. Nc4 $1 $36 {[%mdl 2048] Keeping Black busy.} Nf5 $146 ({Predecessor:} 16... Rd8 17. Bc5 Re8 18. Nd6 Rd8 19. Nxc8 Rdxc8 20. Qxb7 {1-0 (26) Landenbergue,C-Grivas,E (2365) Belfort 1983 EXT 2004 [Bulletin/Primel,D]}) 17. Bc5 {[%cal Ba3c5,Bc5b6,Bb6c7,Bc7b8][%mdl 32]} Bf8 18. Bb6 Qe7 19. g3 h5 ({Black should try} 19... Nd6) 20. Rfe1 Qf6 21. Bg2 h4 22. Bc7 {Black must now prevent Nb6.} hxg3 23. hxg3 Qe7 24. Nb6 ({Avoid the trap} 24. Bxb7 $2 Bxb7 25. Qxb7 Rac8 $19) 24... Ra7 $2 (24... Qxc7 25. Nxa8 Qe7) 25. Bb8 {Precision: White = 82%, Black = 20%.} 1-0

[Event "AUT-ch 2018"]
[Site "Vienna"]
[Date "2018.07.29"]
[Round "9"]
[White "Schnider, Gert"]
[Black "Schwabeneder, Florian"]
[Result "1/2-1/2"]
[WhiteElo "2422"]
[BlackElo "2431"]
[Annotator "TA"]
[PlyCount "89"]
[EventDate "2018.07.22"]
[EventType "swiss"]
[EventCountry "AUT"]
[SourceTitle "playchess.com"]
[Source "ChessBase"]
[SourceQuality "1"]

{[%evp 14,89,32,26,39,25,19,0,-10,-9,14,6,15,6,6,-17,12,-35,0,-36,0,-66,-8,-33,-17,-30,-21,-32,-25,-93,-88,-131,-137,-130,-141,-138,-137,-151,-160,-147,-127,-125,-113,-148,-115,-165,-176,-190,-173,-129,-98,-91,-95,-102,-98,-97,-104,-118,-113,-106,-109,-91,-86,-80,-94,-94,-90,-79,-93,-103,-38,-43,-22,-43,0,-35,-8,-9]} 1. e4 {Finkel,A} e6 2. d4 d5 3. Nc3 Bb4 4. e5 b6 5. Qg4 Bf8 6. Bg5 Qd7 7. Nf3 h6 {C16: French: 3 Nc3 Bb4 4 e5: Lines without ...c5} (7... Nc6 8. a3 Bb7 9. Bd3 h6 10. Qh3 Nge7 11. O-O O-O-O 12. b4 Rg8 13. Bd2 g5 14. g4 Bg7 15. Ne2 {1-0 (30) Zhigalko,S (2683)-Stocek,J (2543) St Petersburg 2013}) 8. Be3 {LiveBook: 3 Games} Ne7 9. Qh3 $146 (9. Nh4 {seems wilder.} Bb7 10. f4 Nbc6 11. O-O-O O-O-O 12. Qh5) ({Predecessor:} 9. Qh5 Ba6 10. g4 Bxf1 11. Rxf1 Nbc6 12. O-O-O Na5 13. Kb1 Nec6 14. Nd2 O-O-O 15. f4 {½-½ (44) Solovjov,S (2447)-Kruppa,Y (2561) St Petersburg 1999 CBM 072 [Finkel,A]}) 9... Ba6 {White has an edge.} 10. a3 Bxf1 11. Rxf1 Nbc6 12. g4 Na5 13. Nd2 O-O-O 14. Qf3 Ng6 15. b4 Nb7 16. Nb3 (16. Qe2 $5 {[%cal Re2a6]}) 16... f6 17. exf6 (17. Qe2 $1 $11) 17... Nd6 (17... gxf6 $15 18. Qxf6 Rg8) 18. fxg7 $11 Bxg7 19. Qe2 Nc4 20. f4 {[#]} e5 $1 {[%mdl 512]} 21. fxe5 (21. dxe5 $11 {keeps the balance.} Ngxe5 22. O-O-O (22. fxe5 Bxe5 23. O-O-O Bxc3 $17) 22... Nxe3 23. Qxe3 Nxg4 24. Qg3) 21... Ngxe5 $17 22. dxe5 Bxe5 23. O-O-O Bxc3 24. Bd4 Bxd4 25. Nxd4 Rhe8 26. Qd3 Re3 27. Qf5 Rxa3 {[%cal Ra3a1] [#]} 28. Qxd7+ Rxd7 {[%cal Ra3a1]} 29. Nb3 Ra4 30. b5 Ne3 31. Rf8+ Rd8 32. Rxd8+ Kxd8 {[%mdl 4096] Endgame KRN-KRN} 33. Rd3 Nxg4 34. Rxd5+ Ke7 35. Rh5 Nf6 36. Rxh6 Rb4 37. Rg6 Rxb5 38. Rg7+ Kd6 39. Rg6 Rf5 40. Nd4 Rf1+ 41. Kd2 Ke5 (41... a5 $17 {Strongly threatening ...Kd5.} 42. Ke2 Rh1) 42. Nc6+ $15 Kf5 43. Rg7 Rf2+ 44. Kc1 Rxh2 {next ...Ne8 is good for Black.} 45. Rxc7 {Precision: White = 57%, Black = 63%.} 1/2-1/2

[Event "AUT-ch 2018"]
[Site "Vienna"]
[Date "2018.07.29"]
[Round "9"]
[White "Blohberger, Felix"]
[Black "Neumeier, Klaus"]
[Result "1-0"]
[WhiteElo "2420"]
[BlackElo "2284"]
[Annotator "NA RC"]
[PlyCount "115"]
[EventDate "2018.07.22"]
[EventType "swiss"]
[EventCountry "AUT"]
[SourceTitle "playchess.com"]
[Source "ChessBase"]
[SourceQuality "1"]
[TimeControl "40/5400+30:1800+30"]

1. c4 {[%emt 0:00:00]} c5 {[%emt 0:00:38]} 2. Nf3 {[%emt 0:01:20]} Nc6 {[%emt 0:00:45]} 3. d4 {[%emt 0:00:16]} cxd4 {[%emt 0:00:29]} 4. Nxd4 {[%emt 0:00:06]} e6 {[%emt 0:01:27]} 5. Nc3 {[%emt 0:00:13]} Nf6 {[%emt 0:01:21]} 6. Bf4 {[%emt 0:00:13]} d5 {[%emt 0:01:38]} 7. cxd5 {[%emt 0:00:22]} Nxd5 {[%emt 0:02:00]} 8. Nxc6 {[%emt 0:01:14]} bxc6 {[%emt 0:00:23]} 9. Bd2 {[%emt 0:00:06]} Ba6 {[%emt 0:08:55]} 10. Nxd5 {[%emt 0:06:32]} Qxd5 {[%emt 0:04:56]} 11. Qc2 {[%emt 0:01:15]} Qd7 {[%emt 0:09:16]} 12. Bc3 {[%emt 0:10:59]} Rd8 {[%emt 0:03:11]} 13. g3 {[%emt 0:06:04]} Qd5 {[%emt 0:30:02]} 14. e4 {[%emt 0:01:55]} Bd3 {[%emt 0:00:04]} 15. Bxd3 {[%emt 0:27:37]} Qxd3 {[%emt 0:00:07]} 16. Qxd3 {[%emt 0:00:03]} Rxd3 {[%emt 0:00:06]} 17. Ke2 {[%emt 0:00:07]} Rd7 {[%emt 0:00:06]} 18. Rac1 {[%emt 0:04:39]} c5 {[%emt 0:02:24]} 19. Rc2 {[%emt 0:02:11]} f6 {[%emt 0:01:17]} 20. Bd2 {[%emt 0:00:45]} Rb7 {[%emt 0:06:52]} 21. b3 {[%emt 0:03:18]} Bd6 {[%emt 0:02:20]} 22. b4 {[%emt 0:10:46]} Rc7 {[%emt 0:06:20]} 23. Rhc1 {[%emt 0:01:11]} c4 {[%emt 0:00:48]} 24. Rxc4 {[%emt 0:00:15]} Rxc4 {[%emt 0:00:06]} 25. Rxc4 {[%emt 0:00:04]} Kd7 {[%emt 0:00:03]} 26. b5 {[%emt 0:01:55]} Rb8 {[%emt 0:00:48]} 27. a4 {[%emt 0:01:41]} a6 {[%emt 0:00:19]} 28. bxa6 {[%emt 0:00:47]} Ra8 {[%emt 0:00:05]} 29. Kd3 {[%emt 0:05:41]} Rxa6 {[%emt 0:00:08]} 30. h3 {[%emt 0:00:45]} Rb6 {[%emt 0:01:38]} 31. Kc2 {[%emt 0:00:17]} Be5 {[%emt 0:01:47]} 32. f4 {[%emt 0:00:38]} Bd6 {[%emt 0:00:36]} 33. g4 {[%emt 0:02:02]} g6 {[%emt 0:00:49]} 34. f5 {[%emt 0:00:41]} exf5 {[%emt 0:01:12]} 35. exf5 {[%emt 0:00:15]} Be5 {[%emt 0:00:23]} 36. Bb4 {[%emt 0:03:24]} Ra6 {[%emt 0:05:03]} 37. Kb3 {[%emt 0:00:26]} Ra8 {[%emt 0:00:10]} 38. a5 {[%emt 0:01:26]} gxf5 {[%emt 0:01:10]} 39. gxf5 {[%emt 0:00:06]} Rg8 {[%emt 0:00:05]} 40. Ka4 {[%emt 0:02:10]} Rg5 {[%emt 0:34:08]} 41. a6 {[%emt 0:35:33]} Bb8 {[%emt 0:00:18]} 42. Rc5 {[%emt 0:00:00]} Rh5 {[%emt 0:00:00]} 43. Rb5 {[%emt 0:00:00]} Kc8 {[%emt 0:00:00]} 44. Rc5+ {[%emt 0:00:00]} Kd7 {[%emt 0:00:00]} 45. Kb5 {[%emt 0:00:00]} Rxh3 {[%emt 0:00:00]} 46. Rd5+ {[%emt 0:00:00]} Ke8 {[%emt 0:00:00]} 47. Rd6 {[%emt 0:00:00]} Ba7 {[%emt 0:00:00]} 48. Rxf6 {[%emt 0:00:00]} Bd4 {[%emt 0:00:00]} 49. Rf8+ {[%emt 0:00:00]} Kd7 {[%emt 0:00:00]} 50. a7 {[%emt 0:00:00]} Bxa7 {[%emt 0:00:00]} 51. Rf7+ {[%emt 0:00:00]} Ke8 {[%emt 0:00:00]} 52. Re7+ {[%emt 0:00:53]} Kd8 {[%emt 0:00:00]} 53. Rxa7 {[%emt 0:00:09]} Rf3 {[%emt 0:00:00]} 54. f6 {[%emt 0:00:36]} Rf5+ {[%emt 0:00:00]} 55. Ka4 {[%emt 0:00:52]} Ke8 {[%emt 0:00:00]} 56. Re7+ {[%emt 0:00:10]} Kd8 {[%emt 0:00:00]} 57. f7 {[%emt 0:00:39]} Rf4 {[%emt 0:00:00]} 58. Re8+ {[%emt 0:00:06]} 1-0

[Event "AUT-ch 2018"]
[Site "Vienna"]
[Date "2018.07.29"]
[Round "9"]
[White "Morgunov, Marc"]
[Black "Froewis, Georg"]
[Result "1-0"]
[WhiteElo "2362"]
[BlackElo "2427"]
[Annotator "NA"]
[PlyCount "79"]
[EventDate "2018.07.22"]
[EventType "swiss"]
[EventCountry "AUT"]
[SourceTitle "playchess.com"]
[Source "ChessBase"]
[SourceQuality "1"]
[TimeControl "40/5400+30:1800+30"]

1. e4 {[%emt 0:00:00]} e6 {[%emt 0:00:02]} 2. d4 {[%emt 0:00:50]} d5 {[%emt 0:00:02]} 3. Nd2 {[%emt 0:00:07]} c5 {[%emt 0:00:07]} 4. exd5 {[%emt 0:00:52]} Qxd5 {[%emt 0:00:06]} 5. Ngf3 {[%emt 0:01:37]} cxd4 {[%emt 0:00:03]} 6. Bc4 {[%emt 0:00:13]} Qd7 {[%emt 0:00:04]} 7. O-O {[%emt 0:02:14]} Nc6 {[%emt 0:01:07]} 8. Nb3 {[%emt 0:00:32]} a6 {[%emt 0:00:07]} 9. Nbxd4 {[%emt 0:02:02]} Nxd4 {[%emt 0:00:06]} 10. Nxd4 {[%emt 0:00:06]} Qc7 {[%emt 0:00:03]} 11. Bb3 {[%emt 0:01:46]} Bd6 {[%emt 0:00:06]} 12. h3 {[%emt 0:01:33]} Ne7 {[%emt 0:01:48]} 13. c3 {[%emt 0:01:53]} Bd7 {[%emt 0:06:04]} 14. Re1 {[%emt 0:04:07]} O-O {[%emt 0:03:16]} 15. Be3 {[%emt 0:03:15]} Rad8 {[%emt 0:07:26]} 16. Qf3 {[%emt 0:04:18]} e5 {[%emt 0:01:31]} 17. Bg5 {[%emt 0:01:09]} Rde8 {[%emt 0:11:03]} 18. Nc2 {[%emt 0:03:00]} Bc6 {[%emt 0:02:53]} 19. Qh5 {[%emt 0:03:38]} h6 {[%emt 0:17:16]} 20. Bxe7 {[%emt 0:05:42]} Qxe7 {[%emt 0:00:04]} 21. Nd4 {[%emt 0:00:23]} Bd7 {[%emt 0:09:11]} 22. Nf5 {[%emt 0:02:37]} Bxf5 {[%emt 0:00:06]} 23. Qxf5 {[%emt 0:00:05]} Kh8 {[%emt 0:00:13]} 24. Rad1 {[%emt 0:02:00]} g6 {[%emt 0:01:21]} 25. Qe4 {[%emt 0:01:59]} f5 {[%emt 0:02:48]} 26. Qe3 {[%emt 0:00:11]} Kg7 {[%emt 0:00:38]} 27. Rd5 {[%emt 0:01:18]} Rd8 {[%emt 0:00:06]} 28. Qb6 {[%emt 0:02:56]} Qc7 {[%emt 0:05:22]} 29. Qe3 {[%emt 0:02:20]} Qe7 {[%emt 0:00:30]} 30. Red1 {[%emt 0:00:23]} Bc7 {[%emt 0:01:51]} 31. Qd3 {[%emt 0:05:22]} Rxd5 {[%emt 0:03:22]} 32. Qxd5 {[%emt 0:00:29]} e4 {[%emt 0:03:52]} 33. Qd4+ {[%emt 0:04:46]} Be5 {[%emt 0:00:17]} 34. Qd7 {[%emt 0:00:07]} Kf6 {[%emt 0:00:05]} 35. g3 {[%emt 0:01:46]} Re8 {[%emt 0:03:53]} 36. Qa4 {[%emt 0:01:32]} Rd8 {[%emt 0:04:50]} 37. Rxd8 {[%emt 0:00:28]} Qxd8 {[%emt 0:00:02]} 38. Qc4 {[%emt 0:00:08]} Qe7 {[%emt 0:00:49]} 39. f4 {[%emt 0:06:25]} exf3 {[%emt 0:07:25]} 40. Qh4+ {[%emt 0:00:48]} 1-0

[Event "AUT-ch 2018"]
[Site "Vienna"]
[Date "2018.07.29"]
[Round "9"]
[White "Sandhoefner, Florian"]
[Black "Schroll, Gerhard"]
[Result "1/2-1/2"]
[WhiteElo "2327"]
[BlackElo "2295"]
[Annotator "NA"]
[PlyCount "60"]
[EventDate "2018.07.22"]
[EventType "swiss"]
[EventCountry "AUT"]
[SourceTitle "playchess.com"]
[Source "ChessBase"]
[SourceQuality "1"]
[TimeControl "40/5400+30:1800+30"]

1. d4 {[%emt 0:00:00]} d5 {[%emt 0:00:26]} 2. c4 {[%emt 0:00:00]} e6 {[%emt 0:00:10]} 3. Nc3 {[%emt 0:00:00]} Nf6 {[%emt 0:00:13]} 4. cxd5 {[%emt 0:00:00]} exd5 {[%emt 0:00:08]} 5. Bg5 {[%emt 0:00:00]} Be7 {[%emt 0:00:20]} 6. e3 {[%emt 0:00:05]} c6 {[%emt 0:00:42]} 7. Qc2 {[%emt 0:00:49]} Nbd7 {[%emt 0:00:06]} 8. Nf3 {[%emt 0:00:26]} O-O {[%emt 0:00:12]} 9. Bd3 {[%emt 0:00:11]} Re8 {[%emt 0:00:20]} 10. O-O {[%emt 0:00:12]} Nf8 {[%emt 0:00:17]} 11. Rab1 {[%emt 0:00:13]} a5 {[%emt 0:02:35]} 12. a3 {[%emt 0:00:26]} Be6 {[%emt 0:04:46]} 13. b4 {[%emt 0:02:01]} axb4 {[%emt 0:00:12]} 14. axb4 {[%emt 0:00:02]} N6d7 {[%emt 0:02:53]} 15. Bxe7 {[%emt 0:02:09]} Qxe7 {[%emt 0:01:15]} 16. b5 {[%emt 0:01:03]} c5 {[%emt 0:01:56]} 17. dxc5 {[%emt 0:01:17]} Qxc5 {[%emt 0:02:23]} 18. Rfc1 {[%emt 0:05:14]} Nb6 {[%emt 0:08:57]} 19. Nd4 {[%emt 0:05:41]} g6 {[%emt 0:11:18]} 20. Nce2 {[%emt 0:11:39]} Qxc2 {[%emt 0:02:36]} 21. Rxc2 {[%emt 0:00:55]} Rec8 {[%emt 0:00:51]} 22. Rbc1 {[%emt 0:03:57]} Rxc2 {[%emt 0:02:58]} 23. Rxc2 {[%emt 0:01:26]} Rc8 {[%emt 0:01:10]} 24. Rxc8 {[%emt 0:01:23]} Bxc8 {[%emt 0:01:14]} 25. Kf1 {[%emt 0:02:23]} Ne6 {[%emt 0:01:55]} 26. Ke1 {[%emt 0:03:05]} Nxd4 {[%emt 0:03:25]} 27. Nxd4 {[%emt 0:01:15]} Kf8 {[%emt 0:03:39]} 28. Kd2 {[%emt 0:00:34]} Ke7 {[%emt 0:01:30]} 29. Kc3 {[%emt 0:00:20]} Kd6 {[%emt 0:00:08]} 30. Kb4 {[%emt 0:00:24]} Nd7 {[%emt 0:01:24]} 1/2-1/2

[Event "AUT-ch 2018"]
[Site "Vienna"]
[Date "2018.07.29"]
[Round "9"]
[White "Mostbauer, Florian"]
[Black "Schreiner, Peter"]
[Result "0-1"]
[WhiteElo "2319"]
[BlackElo "2467"]
[Annotator "RC"]
[PlyCount "76"]
[EventDate "2018.07.22"]
[EventType "swiss"]
[EventCountry "AUT"]
[SourceTitle "playchess.com"]
[Source "ChessBase"]
[SourceQuality "1"]
[TimeControl "40/5400+30:1800+30"]

1. g3 {[%emt 0:00:00]} d5 {[%emt 0:00:32]} 2. Bg2 {[%emt 0:00:00]} c5 {[%emt 0:04:55]} 3. Nf3 {[%emt 0:01:50]} Nf6 {[%emt 0:00:10]} 4. c3 {[%emt 0:01:56]} Nc6 {[%emt 0:02:32]} 5. d4 {[%emt 0:00:24]} e6 {[%emt 0:02:14]} 6. O-O {[%emt 0:01:00]} Be7 {[%emt 0:00:43]} 7. Ne5 {[%emt 0:06:13]} O-O {[%emt 0:07:04]} 8. Nxc6 {[%emt 0:13:01]} bxc6 {[%emt 0:00:03]} 9. Qa4 {[%emt 0:02:23]} Qb6 {[%emt 0:03:51]} 10. dxc5 {[%emt 0:03:59]} Bxc5 {[%emt 0:03:05]} 11. b4 {[%emt 0:03:57]} Be7 {[%emt 0:01:35]} 12. Be3 {[%emt 0:01:38]} Qa6 {[%emt 0:07:47]} 13. Qxa6 {[%emt 0:06:38]} Bxa6 {[%emt 0:00:04]} 14. Re1 {[%emt 0:00:15]} c5 {[%emt 0:15:12]} 15. Bxc5 {[%emt 0:14:19]} Bxc5 {[%emt 0:01:07]} 16. bxc5 {[%emt 0:00:07]} Rac8 {[%emt 0:02:45]} 17. Nd2 {[%emt 0:05:31]} Rxc5 {[%emt 0:00:07]} 18. e4 {[%emt 0:00:24]} Rxc3 {[%emt 0:05:31]} 19. exd5 {[%emt 0:00:08]} Nxd5 {[%emt 0:01:00]} 20. Bxd5 {[%emt 0:00:19]} exd5 {[%emt 0:00:07]} 21. Re7 {[%emt 0:00:09]} Ra8 {[%emt 0:05:48]} 22. Rd7 {[%emt 0:02:22]} Rd3 {[%emt 0:01:16]} 23. Re1 {[%emt 0:05:11]} Bb5 {[%emt 0:02:39]} 24. Rb7 {[%emt 0:00:15]} a6 {[%emt 0:07:13]} 25. Nb3 {[%emt 0:01:59]} h5 {[%emt 0:07:39]} 26. Ree7 {[%emt 0:01:59]} Rd1+ {[%emt 0:01:55]} 27. Kg2 {[%emt 0:00:07]} d4 {[%emt 0:00:24]} 28. Rbc7 {[%emt 0:04:23]} Rf8 {[%emt 0:03:17]} 29. Re4 {[%emt 0:03:43]} Rd8 {[%emt 0:02:23]} 30. Rf4 {[%emt 0:00:07]} f6 {[%emt 0:06:23]} 31. Kf3 {[%emt 0:05:26]} Rd6 {[%emt 0:02:43]} 32. h4 {[%emt 0:01:39]} Kh7 {[%emt 0:00:51]} 33. g4 {[%emt 0:01:45]} d3 {[%emt 0:00:41]} 34. Rd4 {[%emt 0:02:11]} Rxd4 {[%emt 0:00:42]} 35. Nxd4 {[%emt 0:00:06]} d2 {[%emt 0:01:11]} 36. Rc2 {[%emt 0:00:14]} Ba4 {[%emt 0:00:59]} 37. Rb2 {[%emt 0:01:04]} hxg4+ {[%emt 0:00:50]} 38. Kf4 {[%emt 0:00:06]} g3 {[%emt 0:00:26]} 0-1

[Event "AUT-ch 2018"]
[Site "Vienna"]
[Date "2018.07.29"]
[Round "9"]
[White "Vitouch, Anatol"]
[Black "Hupfer, Robert"]
[Result "1-0"]
[WhiteElo "2317"]
[BlackElo "2122"]
[Annotator "NA"]
[PlyCount "97"]
[EventDate "2018.07.22"]
[EventType "swiss"]
[EventCountry "AUT"]
[SourceTitle "playchess.com"]
[Source "ChessBase"]
[SourceQuality "1"]
[TimeControl "40/5400+30:1800+30"]

1. d4 {[%emt 0:00:00]} d5 {[%emt 0:00:16]} 2. Bg5 {[%emt 0:00:00]} Nf6 {[%emt 0:00:11]} 3. Bxf6 {[%emt 0:00:00]} exf6 {[%emt 0:00:07]} 4. e3 {[%emt 0:00:00]} Bd6 {[%emt 0:00:24]} 5. g3 {[%emt 0:00:09]} O-O {[%emt 0:00:27]} 6. Bg2 {[%emt 0:00:05]} c6 {[%emt 0:00:08]} 7. Ne2 {[%emt 0:00:09]} Be6 {[%emt 0:01:35]} 8. O-O {[%emt 0:00:43]} Qc8 {[%emt 0:04:35]} 9. b3 {[%emt 0:00:32]} Bh3 {[%emt 0:05:20]} 10. c4 {[%emt 0:00:23]} Bxg2 {[%emt 0:00:36]} 11. Kxg2 {[%emt 0:00:05]} Qe6 {[%emt 0:02:19]} 12. Qd3 {[%emt 0:00:55]} Nd7 {[%emt 0:06:35]} 13. Nbc3 {[%emt 0:00:32]} dxc4 {[%emt 0:06:36]} 14. bxc4 {[%emt 0:00:54]} b6 {[%emt 0:01:11]} 15. a4 {[%emt 0:08:40]} Rfd8 {[%emt 0:10:55]} 16. Rfc1 {[%emt 0:07:34]} Bc7 {[%emt 0:06:14]} 17. Nb1 {[%emt 0:07:44]} Nc5 {[%emt 0:06:28]} 18. Qc2 {[%emt 0:00:39]} Ne4 {[%emt 0:05:20]} 19. Nd2 Ng5 {[%emt 0:05:37]} 20. Ng1 {[%emt 0:00:49]} Qd7 {[%emt 0:10:20]} 21. h4 {[%emt 0:01:38]} Ne6 {[%emt 0:00:14]} 22. Ngf3 {[%emt 0:02:41]} Re8 {[%emt 0:05:21]} 23. Ne4 {[%emt 0:12:57]} Qe7 {[%emt 0:03:16]} 24. Nc3 Qd7 {[%emt 0:03:12]} 25. Rd1 {[%emt 0:09:12]} Nd8 {[%emt 0:01:01]} 26. h5 {[%emt 0:12:27]} h6 {[%emt 0:00:43]} 27. Nh4 {[%emt 0:00:40]} Qe6 {[%emt 0:01:20]} 28. Qd3 {[%emt 0:06:07]} Nb7 {[%emt 0:02:18]} 29. Nf5 {[%emt 0:03:23]} Nd6 {[%emt 0:02:03]} 30. Nxd6 {[%emt 0:00:12]} Bxd6 {[%emt 0:00:20]} 31. Rdb1 {[%emt 0:03:41]} Bc7 {[%emt 0:02:20]} 32. a5 {[%emt 0:01:27]} Qg4 {[%emt 0:01:45]} 33. Qe2 {[%emt 0:01:49]} Qg5 {[%emt 0:00:48]} 34. Qf3 {[%emt 0:04:21]} Rac8 {[%emt 0:04:01]} 35. Ne4 {[%emt 0:01:50]} Rxe4 {[%emt 0:01:55]} 36. Qxe4 {[%emt 0:00:05]} c5 {[%emt 0:01:51]} 37. axb6 {[%emt 0:01:00]} Bxb6 {[%emt 0:00:10]} 38. Rb5 {[%emt 0:04:37]} Qxh5 {[%emt 0:00:42]} 39. dxc5 {[%emt 0:00:24]} Bxc5 {[%emt 0:00:35]} 40. Rxa7 {[%emt 0:04:39]} Qe5 {[%emt 0:30:44]} 41. Qxe5 {[%emt 0:34:29]} fxe5 {[%emt 0:00:00]} 42. Raa5 {[%emt 0:00:00]} Bd6 {[%emt 0:00:00]} 43. Rd5 {[%emt 0:00:00]} Bb4 {[%emt 0:00:00]} 44. Ra4 {[%emt 0:00:00]} Bc3 {[%emt 0:00:00]} 45. Rd3 {[%emt 0:00:00]} Bb2 {[%emt 0:00:00]} 46. Rb3 {[%emt 0:00:00]} Bc1 {[%emt 0:00:00]} 47. Kf3 {[%emt 0:00:00]} f5 {[%emt 0:00:00]} 48. Ke2 {[%emt 0:00:00]} Rd8 {[%emt 0:00:00]} 49. Ra2 {[%emt 0:00:00]} 1-0